000 00647nam a2200229Ia 4500
005 20250508165436.0
008 008 250505s9999 xx 000 0 eng d
020 _a978-81-7304-987-3
037 _aReference
040 _aFEDL
_beng
_cFEDL
041 _aeng
_2eng
084 _a372.5, DAY/RR
_qFEDL
100 _aDay Michael
245 0 _aChildren and their art: Art education for elementary and middle schools
250 _a9
260 _aNew York, USA
_bWadsworth
_c2012
300 _axviii, 414p.
365 _aUSD
_b79
700 _a Hurwitz Al
_9780866
942 _cREF
_h372.5, DAY/RR
999 _c1395118
_d1395118